000 00509nam a22001697a 4500
003 OSt
005 20120302150303.0
008 090625t xxu||||| |||| 00| 0 eng d
035 _a५५६५
040 _cमराठी
100 _aखाडिलकर, नीलकंठ
_96784
245 _aअग्रलेखांचा बादशहा
250 _a१ ली
260 _aमुंबई
_bशलाका
_c१९९४
300 _b१६६ पाने
942 _2ddc
_cBOOK
999 _c491783
_d491780